000 00916nam a22002897a 4500
003 CHAP
005 20220329141633.0
008 971013s1984 r 00010 d
010 _a71432
011 _a72404
035 _a81959
040 _cCHAP
090 _aFolleto 8646y
110 2 _aBanco Internacional de Reconstrucción y Fomento
_99848
245 1 _aDiscurso ante la junta de gobernadores de A. W. Clausen
260 _aWashington, D.C. :
_bel Banco,
_c1984
300 _a32 p.
590 _aBATCH-UPD
_b10
_c20130110
_lUCH01
_h2108
590 _aBATCH-UPD
_b10
_c20130410
_lUCH01
_h1419
590 _aBATCH-UPD
_b10
_c20130914
_lUCH01
_h0610
590 _aCONVERSION
_b10
_c20130109
_lUCH01
_h1339
650 1 4 _aBancos de fomento.
_99908
650 1 4 _aPaíses subdesarrollados
_xCondiciones sociales.
_985154
901 _aBK
942 _cFOLL
949 _aFolleto 8646y
_bBC
_cFOLL
_d-35700
_eTS1
_i81959
_si
999 _c71432
_d71432